000 00584nam a2200229Ia 4500
003 OSt
005 20220924132429.0
006 a|||||r|||| 00| 0
007 ta
008 220923b |||||||| |||| 00| 0 hin d
024 _a54574
037 _cTextual
040 _aARTS
_cARTS
_bhin
041 _2hin
_ahin
082 _aP15:303, 152K6
100 _aDikshit Mathuraprasad
_9204289
245 0 _aSandhi samasa manjusha
260 _c1966
650 _aLINGUISTICS
942 _hP15:303, 152K6
_cTEXL
_2CC
999 _c430282
_d430282